Semi-Prime Numbers Up To 100 - Statistics

General Stats
  • This quiz has been taken 54 times
  • The average score is 23 of 34
Answer Stats
semi-prime % Correct
4
100%
6
100%
9
97%
10
82%
14
82%
15
79%
21
76%
22
76%
25
76%
26
76%
33
76%
34
74%
35
74%
38
74%
39
68%
46
68%
49
68%
51
68%
58
62%
55
59%
57
59%
62
59%
65
59%
69
59%
74
59%
77
59%
82
59%
85
59%
86
59%
87
59%
91
56%
93
56%
94
53%
95
53%
No matching quizzes found
Score Distribution
Percent of People with Each Score
Percentile by Number Answered
Your Score History
You have not taken this quiz